Statistiken für Die Top 10 Beliebtesten Tee-Sorten der Deutschen

Klicken Sie hier um das Quiz zu spielen!

Allgemein

  • Dieses Quiz wurde 200 mal gespielt
  • Das Durchschnittsergebnis liegt bei 4 aus 10

Antwortstatistiken

HintAntwort% Korrekt
1Pfefferminztee
83%
4Kamillentee
79%
5Grüner Tee
73%
2Früchtetee
72%
3Kräutertee
48%
6Earl Grey
35%
9Chai
28%
7Darjeeling
16%
10Assam
10%
8English Breakfast Tea
2%

Verteilung der Resultate

Perzentil nach korrekt beantworteten Fragen

Anzahl Personen mit jedem Resultat

Ihre Resultats-Entwicklung

Sie haben dieses Quiz noch nicht gespielt